Регионална библиотека "Любен Каравелов" - Русе

Фантасмагория (Запис номер 132277)

MARC детайли
000 -Лидер
Контролно поле с фиксирана дължина 01716nam a2200385 c 4500
003 - Код на организацията, давaща контролен номер
Контролно поле BLK
005 - Дата и час на последна редакция
Контролно поле 20180422111634.0
008 - Елементи от данни с фиксирана дължина
fixed length control field 180409b bul|||||r ||||||| ||bul||
010 ## - Наследен системен номер
LC control number KNG00138137000
020 ## - Международен стандартен номер на книга ISBN
Международен стандартен номер на книга ISBN 978-954-330-297-0
-- издат.: Унискорп
040 ## - Източник на каталожния запис
Идентификатор на билиотеката - собственик на записа BLK
041 ## - Код за език
Код за езика на текст/звукозапис или на отделно заглавие Български
Код за езика КДБФ Български
072 #7 - Код за тематичната категория
Код организация bullib
Код за тематична категория Н39
Текст Етнология. Фолклористика Н
080 ## - УДК
Текстов определител УДК Свръхсетивен свят. Шаманизъм. Духове, магьосници, дракони, великани и др.
УДК код - определител по УДК 398.4
УДК определител (02.062)
УДК - код + определител 398.4(02.062)
100 1# - Редна дума - Автор
Автор Брус, Джулия
Авторска отговорност първи автор
R(LIN) 323218
139 ## - Редно поле
Редна дума Брус, Юлия
Авторски знак Бро - Б 82
245 10 - Сведения за заглавието
Заглавие Фантасмагория
Подзаглавни данни Енцикл. атлас на легендарни създания, омагьосани същества и магични чудовища
Редно поле (дума) Джулия Брус; * Юлия Брус; прев. от англ. Мария Кирова Чайлд.
257 ## - Страна на издаване
Страна на създаване/издаване Великобритания
260 ## - Област на издателските данни
-- София
Име на издателя, разпространителя и проч. Унискорп
Година на издаване 2010
Печатница Отпеч. в Сингапур
300 ## - Физическа характеристика
Страници 144 с.
Илюстрации и др. с цв. ил.
Размери/Мащаб 30 см
380 ## - Жанр
Жанр Обществени науки
500 ## - Общи забележки
Забележка Ориг. загл. Fantasmagoria / Julia Bruce. - Съдържа Речник ; Азб. показалец.
650 #4 - Допълнително описание по предмет – тема
Основно описание – тема или топоним Митология
9 (RLIN) 162418
650 #4 - Допълнително описание по предмет – тема
Основно описание – тема или топоним Народни вярвания
9 (RLIN) 262429
653 ## - Ключова дума – ненормативна
Ключова дума митология
653 ## - Ключова дума – ненормативна
Ключова дума народни вярвания
659 ## - Тематичен бюлетин
Тематичен бюлетин Н
700 1# - Други автори (авторска отговорност)
Лично име Брус, Юлия
Автороска отговорност (Описва отношението между автора и произведението) *
9 (RLIN) 378353
700 1# - Други автори (авторска отговорност)
Лично име Чайлд, Мария Кирова
Автороска отговорност (Описва отношението между автора и произведението) прев. от англ.
9 (RLIN) 289094
852 ## - Местоположение
Форматна сигнатура Цб ІІ 17557
856 4# - Електронен адрес и достъп
Електронен формат pdf - файл
Път до файла /url/
856 4# - Електронен адрес и достъп
Електронен формат pdf - файл
Път до файла /url/
942 ## - АРТИКУЛИ
Вид на библиотечния материал Книги
Скрит в OPAC Не
944 ## - СЪЗДАВАНЕ И РЕДАКЦИЯ на ЗАПИСА
Създаване/Редакция Създаване
Дата на регистрацията/редакция 17.01.2013
Служител, извършил регистрацията/редакцията Милена_Ачева
944 ## - СЪЗДАВАНЕ И РЕДАКЦИЯ на ЗАПИСА
Създаване/Редакция Редакция
Дата на регистрацията/редакция 23.05.2013
Служител, извършил регистрацията/редакцията
999 ## - СИСТЕМНИ КОНТРОЛНИ НОМЕРА
Koha biblionumber 132277
Koha biblioitemnumber 132277
Наличности
Код за отписване Код за изгубен артикул Код за повреда Коз за рестрикции Код за отдаване Артикулен № Име на библиотеката - собственик Име на библиотеката, в която се намира в момента Статус (Текущо местоположение) Дата на вписване в системата Местоположение - отдел Цена в лева Инвентарен номер Систематично азбучна сигнатура Баркод Номер на екземпляра Цена в евро Служебна бележка Служебен тип на артикула
  Не е изгубен Не е повреден без рестрикции ползва се в читалня 215791 Регионална библиотека "Любен Каравелов" Русе Регионална библиотека "Любен Каравелов" Русе Хранилище 2013-01-17 Хранилище 30.00 120000762894 Цб ІІ 17557 120000762894 1 15.34 Дост: Dp Вид: Д N: 38 Дата: 19.09.2011 Книги
Vip Innovations Ltd, Rousse, Bulgaria 2025